| 000 | 00891nam a2200217Ia 4500 | ||
|---|---|---|---|
| 005 | 20240530105130.0 | ||
| 008 | 140319s1992 ly g 000 0 ara d | ||
| 017 |
_a92/1299 _bلبيا. دار الكتب الوطنية |
||
| 040 |
_aGCL / _cGCL |
||
| 082 | 0 | 4 |
_a657.42 _bم د |
| 100 | 0 | _aمجدى عمارة | |
| 245 | 1 | 0 |
_aدراسات منهجية معاصرة فى محاسبة التكاليف الفعلية / _cمجدى عمارة، ميلود خليفة، الهادى السحيرى |
| 260 |
_aطرابلس : _bجامعة الجبل الغربى، _c1992 |
||
| 300 |
_a684 ص. ؛ _c24 سم |
||
| 490 | 0 | _aمنشورات كلية المحاسبة | |
| 650 | 0 | 7 |
_2qrmak _aمحاسبة التكاليف |
| 650 | 0 | 7 |
_2qrmak _aالمحاسبة |
| 700 | 0 |
_aميلود خليفة _eمؤلف مشارك |
|
| 700 | 0 |
_aالهادى السحيرى _eمؤلف مشارك |
|
| 942 |
_2ddc _cBK |
||
| 999 |
_c53425 _d53425 |
||